Anuario social de España ...
Descripción Física:
v. : il, taules, gràf., map. ; 29 cm
Colección:
Estudios Sociales
MARC
| LEADER | 00000nam a2200000Ia 4500 | ||
|---|---|---|---|
| 001 | 14441, 17862 | ||
| 008 | 160829s9999 xx 000 0 cat d | ||
| 080 | |a M-4-240, M-5-224 | ||
| 245 | |a Anuario social de España ... | ||
| 260 | |a Barcelona : |b Fundación 'La Caixa', cop. 2001 | ||
| 300 | |a v. : |b il, taules, gràf., map. ; |c 29 cm | ||
| 490 | |a Estudios Sociales | ||
| 590 | |a La designació cronològica precedeix el títol. | ||
| 590 | |a També és publica en línia: www.estudios.lacaixa.es/anuariosocial | ||
| 650 | |a Espanya |x Condicions socials |x Estadístiques |9 22082 | ||
| 650 | |a Espanya |x Estadístiques demogràfiques |9 32093 | ||
| 710 | 2 | |a Fundació la Caixa |9 54858 | |
| 866 | |a 2001, 2004 | ||
| 901 | |a Arxiu | ||
| 942 | |n 1 | ||
| 952 | |0 0 |1 0 |4 0 |6 M4240_M5224 |7 1 |9 42045 |a Arxiu |b Arxiu |d 2016-12-01 |l 0 |o M-4-240, M-5-224 |p 14441, 17862 |r 2016-12-01 00:00:00 |w 2016-12-01 |y ARXIU | ||
| 999 | |c 44492 |d 44492 | ||